000 00727cam a22002413a 4500
001 13314
003 PGUSA
005 20140828083303.0
008 040828s2004||||xxu|||||s|||||000 1 eng d
040 _aPGUSA
_beng
042 _adc
050 4 _aPR
100 1 _aGunning,
_cMrs
_q(Susannah),
_d-1800
245 1 0 _aBarford Abbey, A Novel :
_bIn A Series Of Letters
_h[electronic resource] /
_cGunning,
260 _bProject Gutenberg,
_c2004
506 _aPublic domain in the USA.
516 _aElectronic text
653 _aEpistolary fiction, English -- 18th century
653 _aGothic fiction (Literary genre)
830 0 _aProject Gutenberg
_v13314
856 4 0 _uhttp://www.gutenberg.org/ebooks/13314
942 _cEB
999 _c242569
_d242569